Corrupt practices (Record no. 67781)
[ view plain ]
| 000 -LEADER | |
|---|---|
| fixed length control field | 01163cam a2200253 4500 |
| 001 - CONTROL NUMBER | |
| control field | ABS64274 |
| 008 - FIXED-LENGTH DATA ELEMENTS--GENERAL INFORMATION | |
| fixed length control field | 010725n2001 000 0 eng u |
| 035 ## - SYSTEM CONTROL NUMBER | |
| System control number | (Sirsi) u113760 |
| 100 ## - MAIN ENTRY--PERSONAL NAME | |
| Personal name | Barnes, R. |
| 245 ## - TITLE STATEMENT | |
| Title | Corrupt practices |
| 260 ## - PUBLICATION, DISTRIBUTION, ETC. | |
| Date of publication, distribution, etc. | 2001 |
| 490 ## - SERIES STATEMENT | |
| Series statement | Building |
| Volume/sequential designation | 266(8192) 6 July 2001, 55(1) |
| 520 ## - SUMMARY, ETC. | |
| Summary, etc. | Discusses the issue of increasing electronic document storage and transfer in the construction industry. Outlines some of the concerns which need to be considered such as data corruption during storage or transmission and intellectual property rights of the documents. Emphasises the importance of an effective storage policy for documents held electronically. If litigation occurs the authenticity of a document may be raised and the accuracy of the document will have to be proved. |
| 590 ## - LOCAL NOTE (RLIN) | |
| Local note | ABS |
| 650 ## - SUBJECT ADDED ENTRY--TOPICAL TERM | |
| Topical term or geographic name entry element | CONSTRUCTION INDUSTRY |
| 650 ## - SUBJECT ADDED ENTRY--TOPICAL TERM | |
| Topical term or geographic name entry element | ELECTRONIC DOCUMENT TRANSFER |
| 650 ## - SUBJECT ADDED ENTRY--TOPICAL TERM | |
| Topical term or geographic name entry element | ELECTRONIC DOCUMENT MANAGEMENT SYSTEMS |
| 650 ## - SUBJECT ADDED ENTRY--TOPICAL TERM | |
| Topical term or geographic name entry element | DOCUMENT STORAGE |
| 650 ## - SUBJECT ADDED ENTRY--TOPICAL TERM | |
| Topical term or geographic name entry element | ELECTRONIC DOCUMENTS |
| 650 ## - SUBJECT ADDED ENTRY--TOPICAL TERM | |
| Topical term or geographic name entry element | LITIGATION |
| 650 ## - SUBJECT ADDED ENTRY--TOPICAL TERM | |
| Topical term or geographic name entry element | BSI |
| 690 ## - LOCAL SUBJECT ADDED ENTRY--TOPICAL TERM (OCLC, RLIN) | |
| Topical term or geographic name as entry element | MANAGEMENT-BUSINESS MANAGEMENT-INFORMATION MANAGEMENT |
| 942 ## - ADDED ENTRY ELEMENTS (KOHA) | |
| Suppress in OPAC | 0 |
| Withdrawn status | Lost status | Source of classification or shelving scheme | Damaged status | Not for loan | Home library | Current library | Shelving location | Date acquired | Total Checkouts | Full call number | Barcode | Date last seen | Copy number | Price effective from | Koha item type |
|---|---|---|---|---|---|---|---|---|---|---|---|---|---|---|---|
| Dewey Decimal Classification | London | London | Journal article | 25/07/2001 | ABS64274 | 113760-1001 | 06/08/2019 | 1 | 06/08/2019 | Journal article |